भारत भारतीयता भारतीय नायक/ (Record no. 204057)

MARC details
000 -LEADER
fixed length control field 00829nam a22001937a 4500
005 - DATE AND TIME OF LATEST TRANSACTION
control field 20240710124906.0
010 ## - LCCN (DPL NO)
LC control number HIN- 127960
020 ## - INTERNATIONAL STANDARD BOOK NUMBER
Terms of availability 90.00
International Standard Book Number 9788190446204
035 ## - SYSTEM CONTROL NUMBER
System control number HN-100306
037 ## - SOURCE OF ACQUISITION
Source of stock number/acquisition DBAD
082 ## - DEWEY DECIMAL CLASSIFICATION NUMBER
Classification number 821
100 ## - MAIN ENTRY--PERSONAL NAME
Personal name कुमार, सुरेश
245 ## - TITLE STATEMENT
Title भारत भारतीयता भारतीय नायक/
Statement of responsibility, etc द्वारा सुरेश कुमार श्रीचंदानी
250 ## - EDITION STATEMENT
Edition statement 1
260 ## - PUBLICATION, DISTRIBUTION, ETC. (IMPRINT)
Place of publication, distribution, etc अजमेर
Name of publisher, distributor, etc पदमकांता प्रकाशन ठठेरा चौक
Date of publication, distribution, etc 2000
270 ## - ADDRESS
City अजमेर
Address पदमकांता प्रकाशन 338/22 ठठेरा चौक अजमेर
300 ## - PHYSICAL DESCRIPTION
Extent 200p.
Dimensions 22cm (सजिल्द)
942 ## - ADDED ENTRY ELEMENTS (KOHA)
Source of classification or shelving scheme Dewey Decimal Classification
Item type Hindi Books
Classification part 821
Call number suffix श्रीचंदा
Holdings
Withdrawn status Lost status Not for loan Collection code Home library Current library Date acquired Source of acquisition Cost, normal purchase price Full call number Barcode Cost, replacement price Koha item type
      Non-fiction Central Jail Tihar Central Jail Tihar 09/07/2024 DBAD 90.00 821 श्रीचंदा HN-100306 90.00 Hindi Books

© Delhi Public Library
Hit Counter
free hit counter